Teams that played the most finals in the UCL - Statistics

General Stats
  • This quiz has been taken 82 times
  • The average score is 8 of 10
Answer Stats
Sayı Teams % Correct
18 Real Madrid
97%
10 Liverpool
95%
6 İnter
91%
8 Barcelona
89%
9 Juventus
85%
5 Manchester United
85%
11 Milan
80%
6 Ajax
71%
7 Benfica
57%
11 Bayern Munchen
46%
No matching quizzes found
Score Distribution
Percent of People with Each Score
Percentile by Number Answered
Your Score History
You have not taken this quiz